000 00745nam a2200217 i 4500
001 27803
003 ES-MaACL
005 20230906153718.0
007 t|
008 030115s1973 mx ||||1| spa d
100 1 _aAyres, Frank.
_924191
245 1 0 _aTeoría y problemas de cálculo diferencial e integral /
_cFrank Ayres ; traducción y adaptación Luis Gutiérrez Diez, Angel Gutiérrez Vázquez.
260 _aMéxico :
_bMcGraw-Hill,
_c[1973.
300 _a345 p. :
_bil. ;
_c28 cm.
490 1 _aSerie de Compendios Schaum
700 1 _aGutiérrez Díez, Luis.
_961140
700 1 _aGutiérrez Vázquez, Angel.
_961233
830 0 _aSerie de Compendios Schaum
_9181142
852 _aES-MaACL
_jE-5820
_bR.90071
999 _c27803
_d27803